Rebellious rivlute : (Record no. 140819)
[ view plain ]
| 000 -LEADER | |
|---|---|
| fixed length control field | 00494nam a22001817a 4500 |
| 005 - DATE AND TIME OF LATEST TRANSACTION | |
| control field | 20170703104127.0 |
| 010 ## - LCCN (DPL NO) | |
| LC control number | ENG-118524 |
| 020 ## - INTERNATIONAL STANDARD BOOK NUMBER | |
| International Standard Book Number | 8189431234 |
| Terms of availability | 200.00 |
| 035 ## - SYSTEM CONTROL NUMBER | |
| System control number | EN-102056 |
| 037 ## - SOURCE OF ACQUISITION | |
| Source of stock number/acquisition | DBAD/PUB |
| 082 ## - DEWEY DECIMAL CLASSIFICATION NUMBER | |
| Classification number | 882 |
| 100 ## - MAIN ENTRY--PERSONAL NAME | |
| Personal name | Amal. C. Dev |
| 245 ## - TITLE STATEMENT | |
| Title | Rebellious rivlute : |
| Statement of responsibility, etc | by Amal. C. Dev |
| Remainder of title | play / |
| 260 ## - PUBLICATION, DISTRIBUTION, ETC. (IMPRINT) | |
| Place of publication, distribution, etc | Ajmer |
| Name of publisher, distributor, etc | Atin Publications |
| Date of publication, distribution, etc | 2016 |
| 270 ## - ADDRESS | |
| Address | 59, Shastri Nagar |
| City | Ajmer |
| Postal code | 305001 |
| 300 ## - PHYSICAL DESCRIPTION | |
| Extent | 94p. |
| Dimensions | 22cm(Hb) |
| 942 ## - ADDED ENTRY ELEMENTS (KOHA) | |
| Source of classification or shelving scheme | Dewey Decimal Classification |
| Item type | English Books |
| Call number suffix | AMA |
| Classification part | 882 |
| Withdrawn status | Lost status | Not for loan | Collection code | Home library | Current library | Date acquired | Source of acquisition | Cost, normal purchase price | Full call number | Barcode | Copy number | Cost, replacement price | Koha item type |
|---|---|---|---|---|---|---|---|---|---|---|---|---|---|
| Not For Loan | Non-fiction | D.B.Act.Division | Bawana | 07/06/2017 | DBAD/PUB | 200.00 | 882 AMA | EN-102056 | 1 | 200.00 | English Books |
